| Tag |
First Indicator |
Second Indicator |
Subfields |
| LEADER |
00000cam a2200000Ia 4500 |
| 001 |
in00002015270 |
| 005 |
20151031160246.0 |
| 008 |
760514s1972 ksua 000 0 eng d |
| 035 |
|
|
|a (OCoLC)ocm02176825
|
| 040 |
|
|
|a KSU
|c KSU
|d TXA
|d UtOrBLW
|
| 049 |
|
|
|a TXAM
|
| 090 |
|
|
|a Z992
|b .M3 1972
|
| 100 |
1 |
|
|a Matthews, Jack.
|
| 245 |
1 |
0 |
|a Book collecting and the search for reality /
|c Jack Matthews.
|
| 264 |
|
1 |
|a Wichita [Kansas] :
|b The Library Associates of Wichita State University,
|c [1972]
|
| 264 |
|
4 |
|c ©1972
|
| 300 |
|
|
|a 19p :
|b illustrations ;
|c 22.3 cm.
|
| 336 |
|
|
|a text
|b txt
|2 rdacontent
|
| 337 |
|
|
|a unmediated
|b n
|2 rdamedia
|
| 338 |
|
|
|a volume
|b nc
|2 rdacarrier
|
| 500 |
|
|
|a Text of a paper given by Matthews at a meeting of the WSU Library Associated on March 5, 1971.
|
| 500 |
|
|
|a Bound in green paper wrappers; decorative paper label on front cover.
|
| 500 |
|
|
|a The Cushing Library/Lowman/Bibliography and Book Arts copy is inscribed by the author.
|
| 500 |
|
|
|a The Cushing Library/Lowman/Bibliography and Book Arts copy is number 372 of 500.
|
| 508 |
|
|
|a Designed by Bill Jackson.
|
| 580 |
|
|
|a The Cushing Library copy forms part of the Bibliography and Book Arts Section of the Al Lowman Printing Arts Collection and Research Archive.
|
| 650 |
|
0 |
|a Book collecting.
|
| 773 |
0 |
|
|t Al Lowman Printing Arts Collection and Research Archive.
|
| 948 |
|
|
|a cataloged
|b h
|c 2005/1/6
|d c
|e mjackson
|f 2:53:27 pm
|
| 994 |
|
|
|a E0
|b TXA
|
| 999 |
|
|
|a MARS
|
| 999 |
f |
f |
|s d82fa47a-2d96-340d-9757-73f37e727853
|i c2e2bbb8-3c87-33a7-bbe8-20599f1b5fa1
|t 0
|
| 952 |
f |
f |
|p noncirc
|a Texas A&M University
|b College Station
|c Cushing Memorial Library & Archives
|d Cushing: Lowman (Does not check out)
|t 0
|e Z992 .M3 1972
|h Library of Congress classification
|i unmediated -- volume
|
| 998 |
f |
f |
|a Z992 .M3 1972
|t 0
|l Cushing: Lowman (Does not check out)
|